Animal Compound Words - Statistics

General Stats
  • This quiz has been taken 226 times
    219 since last reset
  • The average score is 14 of 24
Answer Stats
Hint Answer % Correct
Butter Fly
85%
Ant Eater
83%
Bumble Bee
82%
Bull Frog / Dog / Shark / Terrier / Mastiff
71%
Lady Bug / Bird
69%
Boa Constrictor
67%
Star Fish
66%
Dragon Fly
66%
Bengal Tiger / Cat
66%
Sea Horse / Lion / Urchin / Snail / Slug / Turtle
64%
Barn Owl / Cat
60%
Blue Whale / Jay / Crab / Bird / Heron / Fin Tuna
60%
Tasmanian Devil / Tiger
59%
Wood Pecker / Louse / Cock / Chuck
59%
Bob Cat
52%
Horse Fly / Shoe Crab
52%
Cocker Spaniel
49%
King Fisher / Snake / Crab / Penguin / Salmon
47%
Chip Munk
47%
Road Runner
47%
Black Bear / Rhino / Widow Spider / Lab / Fly / Panther
41%
Cat Fish
34%
Blood Hound
30%
Cock Roach
30%
No matching quizzes found
Score Distribution
Percent of People with Each Score
Percentile by Number Answered
Your Score History
You have not taken this quiz since the last reset